Diccionario tecnológico. Francais - English - Deutsch - Español

Bibliographic Details
Format: Section = Libro
Language:Undetermined
Spanish
Published: México Limusa 1990
Subjects:
LEADER 00543nam a2200181Ia 4500
008 240829s9999 xx 000 0 und d
020 |a 968-18-6172-8 
040 |a BIBLIOTECA-RUPAP Ref 413.03 C397 
041 |a spa 
082 |a Ref 413.03 C397 
245 1 0 |a Diccionario tecnológico. Francais - English - Deutsch - Español 
260 |a México  |b Limusa  |c 1990 
300 |a 1295 p. :il. 
650 7 |a DICCIONARIO - TECNOLOGICO - MAQUINARIA 
650 7 |b  DICCIONARIO EQUIPOS AGRICOLAS. I. Tít. 
942 |c BK  |2 ddc 
991 |a TEXTO 
999 |c 10295